مضا مين ڈ ا کٹر شيلا ر ا ج (Record no. 169752)

MARC details
000 -LEADER
fixed length control field 00728nam a22001937a 4500
005 - DATE AND TIME OF LATEST TRANSACTION
control field 20191202143759.0
010 ## - LCCN (DPL NO)
LC control number UR-10646
020 ## - INTERNATIONAL STANDARD BOOK NUMBER
Terms of availability 250.00
International Standard Book Number 9789389002607
035 ## - SYSTEM CONTROL NUMBER
System control number U-9201
037 ## - SOURCE OF ACQUISITION
Source of stock number/acquisition DBAD/PUB
Stock number -
082 ## - DEWEY DECIMAL CLASSIFICATION NUMBER
Classification number 844..8
100 ## - MAIN ENTRY--PERSONAL NAME
Personal name مر تبہ:محمد عبد العز يز سہيل
245 ## - TITLE STATEMENT
Title مضا مين ڈ ا کٹر شيلا ر ا ج
Statement of responsibility, etc مر تبہ:محمد عبد العز يز سہيل
246 ## - VARYING FORM OF TITLE
Remainder of title Mazameen -e-Dr. Sheela Raj (Urdu)
Title proper/short title by Dr. M.A.Azeez Sohail
260 ## - PUBLICATION, DISTRIBUTION, ETC. (IMPRINT)
Place of publication, distribution, etc Delhi
Name of publisher, distributor, etc Educational Publishing House
Date of publication, distribution, etc 2019 ء
270 ## - ADDRESS
Address 3191,Vakil Street, Kucha Pandit,Lal Kuan,
City Delhi
Postal code 110006
Telephone number 01123216162
Fax number -
300 ## - PHYSICAL DESCRIPTION
Extent 200ص
Dimensions 22 Cm(Hb)
942 ## - ADDED ENTRY ELEMENTS (KOHA)
Source of classification or shelving scheme Dewey Decimal Classification
Item type Urdu Bks
Classification part 844.8
Call number suffix م ح م
Holdings
Withdrawn status Lost status Not for loan Collection code Home library Current library Date acquired Source of acquisition Cost, normal purchase price Full call number Barcode Copy number Cost, replacement price Koha item type
    Not For Loan Non-fiction D.B.Act.Division D.B.Act.Division 02/12/2019 DBAD/PUB 250.00 844.8 م ح م U-9201 1 250.00 Urdu Bks

© Delhi Public Library
Hit Counter
free hit counter